Faculty of Law Library — Cairo University

Official Online Catalog

قانون الإجراءات الجنائية الجديد ومذكرته التنفيذية مع القوانين المكملة له ومذكراتها التنفيذية / (Record no. 66413)

MARC details
000 -LEADER
fixed length control field 01324nam a2200313 i 4500
003 - CONTROL NUMBER IDENTIFIER
control field EG-GICUC
005 - DATE AND TIME OF LATEST TRANSACTION
control field 20260317123146.0
008 - FIXED-LENGTH DATA ELEMENTS--GENERAL INFORMATION
fixed length control field 260317s1950 ||| |||fr|||| 00| 0 ara d
040 ## - CATALOGING SOURCE
Original cataloging agency EG-GICUC
Language of cataloging ara
Transcribing agency EG-GICUC
Modifying agency EG-GICUC
Description conventions rda
041 0# - LANGUAGE CODE
Language code of text/sound track or separate title Ara
082 04 - DEWEY DECIMAL CLASSIFICATION NUMBER
Edition number 21
Classification number 343.3
Item number م ح . ق
092 04 - LOCALLY ASSIGNED DEWEY CALL NUMBER (OCLC)
Edition number 21
099 ## - LOCAL FREE-TEXT CALL NUMBER (OCLC)
Classification number Law1 10 343.3 م ح . ق 1950
100 0# - MAIN ENTRY--PERSONAL NAME
Personal name محمود عاصم
Relator term مؤلف.
245 10 - TITLE STATEMENT
Title قانون الإجراءات الجنائية الجديد ومذكرته التنفيذية مع القوانين المكملة له ومذكراتها التنفيذية /
Statement of responsibility, etc. تأليف محمود عاصم.
264 #1 - PRODUCTION, PUBLICATION, DISTRIBUTION, MANUFACTURE, AND COPYRIGHT NOTICE
Place of production, publication, distribution, manufacture [مكان النشر غير محدد] :
Name of producer, publisher, distributor, manufacturer لجنة نشر الثقافة القانونية،
Date of production, publication, distribution, manufacture, or copyright notice 1950.
300 ## - PHYSICAL DESCRIPTION
Extent 246 ؛صفحة
Dimensions 24 سم.
336 ## - CONTENT TYPE
Source rda content
Content type term text
337 ## - MEDIA TYPE
Source rda media
Media type term Computer
338 ## - CARRIER TYPE
Source rda carrier
Carrier type term Online Resource
500 ## - GENERAL NOTE
General note يشتمل على ثلاث فهارس موضوعية وأبجدية وموضوعية وقانونية
546 ## - LANGUAGE NOTE
Language note النص باللغة العربية
650 1# - SUBJECT ADDED ENTRY--TOPICAL TERM
Topical term or geographic name entry element قانون الإجراءات الجنائية
Source of heading or term qrmak
650 1# - SUBJECT ADDED ENTRY--TOPICAL TERM
Topical term or geographic name entry element القانون الجنائى
Source of heading or term qrmak
651 1# - SUBJECT ADDED ENTRY--GEOGRAPHIC NAME
Source of heading or term qrmak
856 40 - ELECTRONIC LOCATION AND ACCESS
Uniform Resource Identifier <a href="https://fll.law.cu.edu.eg/fulltext/bks/B10-05647.pdf">https://fll.law.cu.edu.eg/fulltext/bks/B10-05647.pdf</a>
905 ## - Cataloger and Reviser Names
Cataloger Name: Yasmin Sayed
942 ## - ADDED ENTRY ELEMENTS (KOHA)
Source of classification or shelving scheme Dewey Decimal Classification
Koha item type Books
Edition 21
Suppress in OPAC No
Holdings
Withdrawn status Lost status Source of classification or shelving scheme Damaged status Not for loan Collection Home library Current library Date acquired Total checkouts Full call number Barcode Date last seen Copy number Price effective from Koha item type
    Dewey Decimal Classification   Not for loan القانون الجنائي جــــامعة القــاهرة مكتبة كلية الحقوق - المبنى الرئيسي 17.03.2026   Law1 10 343.3 م ح . ق 1950 1005647 C1 B10-05647 17.03.2026 1 17.03.2026 Books
    Dewey Decimal Classification     القانون الجنائي جــــامعة القــاهرة مكتبة كلية الحقوق - المبنى الرئيسي 17.03.2026   Law1 10 343.3 م ح . ق 1950 1005651 C2 B10-05651 17.03.2026 2 17.03.2026 Books
    Dewey Decimal Classification     القانون الجنائي مكتبة كلية الحقوق - فـرع الشيخ زايد مكتبة كلية الحقوق - فـرع الشيخ زايد 17.03.2026   Law2 10 343.3 م ح . ق 1950 1005653 C3 B10-05653 17.03.2026 3 17.03.2026 Books

© All rights reserved — Faculty of Law, Cairo University